Score 0/11 Timer 03:00
0 Plays Today
Hint Answer % Correct
REBRYBerry
94.7%
LENINile/Line
93%
SARGSGrass
92.6%
REABDBeard
92.2%
SAENJJeans
90.6%
RIPNTPrint
90.3%
DOLBOBlood
87%
RUTETrue
86%
RIBSDBirds
83.4%
Word in common with all of the above:Blue
60.9%
REDNOYYonder
51.9%

You're not logged in!

Compare scores with friends on all Sporcle quizzes.
OR
Log In

Sporcle TV

Today on Sporcle TV


Watch our educational content, quiz creation guides, and fun videos on Sporcle TV.

Show Comments

Extras

Top Quizzes Today


Score Distribution

Your Account Isn't Verified!

In order to create a playlist on Sporcle, you need to verify the email address you used during registration. Go to your Sporcle Settings to finish the process.

Report this User

Report this user for behavior that violates our Community Guidelines.

Details: